|
|
|
|
| LEADER |
00801nam a22001937a 4500 |
| 020 |
|
|
|a 81-264-1468-5
|
| 082 |
|
|
|a 398.27
|b LEE/V P7
|
| 100 |
|
|
|a ആലംങ്കോട് ലീലാകൃഷ്ണന്
|9 197493
|
| 100 |
|
|
|a Alamkode Leelakrishnan
|9 197495
|
| 240 |
|
|
|a Valluvanadan Poorakkazhchakal
|
| 245 |
|
|
|a വള്ളുവനാടന് പൂരക്കാഴ്ചകള്
|
| 250 |
|
|
|a 1st
|
| 260 |
|
|
|a Kottayam;
|b Litmus;
|c 2007
|
| 300 |
|
|
|a 86p.
|
| 650 |
|
|
|a മലയാളം; നാടന്കല പഠനം
|9 197496
|
| 650 |
|
|
|a Malayalam; Folklore Study
|9 197497
|
| 942 |
|
|
|c BK
|
| 999 |
|
|
|c 68939
|d 68939
|
| 952 |
|
|
|0 0
|1 0
|4 0
|6 398_270000000000000_LEE_V_P7
|7 0
|8 FOLKS
|9 81838
|a MAL
|b MAL
|d 2016-11-19
|e 54337
|g 65.00
|l 0
|o 398.27 LEE/V P7
|p MAL054337
|r 2016-11-19
|t 1
|w 2016-11-19
|y BK
|